LEADER 02014nam 2200409 n 450 001 996394869703316 005 20200824120545.0 035 $a(CKB)3810000000009595 035 $a(EEBO)2248505343 035 $a(UnM)99829208e 035 $a(UnM)99829208 035 $a(EXLCZ)993810000000009595 100 $a19950526d1680 uy | 101 0 $aeng 135 $aurbn||||a|bb| 200 00$aDeath triumphant; or, The most renowned, mighty, puissant and irresistible champion and conqueror geneneral [sic] of the whole world Death, described$b[electronic resource] $eWith a description of his notable fights and triumphant victories obtained against all creatures, especially against the sons and daughters of men. Also his particular stratagems and numerous regiment of sickness and diseases, whereby he conquers and subdues man-kind. Lively set forth to the view of all men, for their better preparation for the day of their death, and dissolution out of this sinful life. The sixth edition. By Andrew Jones 210 $aLondon $cprinted for I. Clarke, W. Thackeray and T. Passinger$d[1680] 215 $a[16] p. $cill. (woodcuts) 300 $aPublication date from Wing. 300 $aWoodcut illustrations on verso of A1 (title page is A2), and verso of final leaf. 300 $aRunning title reads: The description of Death. 300 $aSignatures: A-B⁴. 300 $aReproduction of the original in the Magdalene College Library, Cambridge. 330 $aeebo-0085 606 $aDeath$vEarly works to 1800 606 $aChristian life$vEarly works to 1800 615 0$aDeath 615 0$aChristian life 700 $aJones$b Andrew$cM.A.$0569681 801 0$bCu-RivES 801 1$bCu-RivES 801 2$bCStRLIN 801 2$bWaOLN 906 $aBOOK 912 $a996394869703316 996 $aDeath triumphant; or, The most renowned, mighty, puissant and irresistible champion and conqueror geneneral of the whole world Death, described$92413014 997 $aUNISA LEADER 00904nas 2200349 c 450 001 996321011303316 005 20171201183318.0 035 $a(CKB)4340000000116564 035 $a(DE-101)1072573512 035 $a(DE-599)ZDB2825218-4 035 $a(EXLCZ)994340000000116564 100 $a20150622a20159999 |y | 101 0 $aita 135 $aur||||||||||| 181 $ctxt$2rdacontent 182 $cc$2rdamedia 183 $acr$2rdacarrier 200 00$aTeMA$eTempo, Materia, Architettura ; studies on architectural engineering$fArTec 210 31$aAncona$d2015- 215 $aOnline-Ressource 300 $aGesehen am 22.06.15 311 $a2421-4574 608 $aZeitschrift$2gnd-content 676 $a720 676 $a690 801 0$b0355 801 1$bDE-101 801 2$b9999 906 $aJOURNAL 912 $a996321011303316 996 $aTema$9882377 997 $aUNISA